O dobrý pomer cirkvi a štátu.

Uložené v:
Podrobná bibliografia
Médium: Kniha
Jazyk:Slovak
Vydané: Bratislava : Tatran, 1949
Vydanie:1. vyd.
ISBN: (brož.)
Fyzický popis: 12, 2 s.
Tagy: Pridať tag
Žiadne tagy, Buďte prvý kto otaguje tento záznam!

MARC

LEADER 00000nam a22000001 4500
001 000463531
005 20150411084202.0
008 030312 1949 xo e slo d
020 |a (brož.)  |c Kčs 1,00 
040 |a SVKKK  |b slo  |c SVKKK  |e AACR2 
041 0 |a slo 
044 |a xo  |c SK 
245 0 0 |a O dobrý pomer cirkvi a štátu. 
250 |a 1. vyd. 
260 |a Bratislava :  |b Tatran,  |c 1949  |e (Bratislava,  |f Slov. Grafia) 
300 |a 12, 2 s. 
366 |e 100000 výtl. 
910 |a svkkk 
998 |a BK 
090 |g SCKHL  |k Sklad Pribinova 1. posch.  |a IV.31809  |j 343366  |i 2720280465  |s Prezenčne